Sp. Nová Ves - starý dvor

Zobrazenie: V bielom orámovaní pohľad na dvor domu, na ktorom stojí človek, v pozadí vo vchode stoja dvaja ľudia a nad strechou domu je vidieť veža katolíckeho kostola

Bibliographic Details
Format: Postcard
Language:Slovak
PhysicalDescription:1 pohľadnica čiernobiela 14 x 9 cm
Published: [Liptovský Mikuláš] Lumen [1938?]
Subjects:

MARC

LEADER 00000nkm a2200000 a 4500
001 vtls011770836
003 SK-MaSNL
005 20260512125250.0
007 kp bo
008 240703q1938 xo g kuslo
015 |a SNBG1938 
035 |a urn:nbn:sk:snk-km00dom1 
035 |a urn:nbn:sk:snk-km3lyon 
035 |a 65480BB4-8B96-44DD-89EC-A04FDB7F5E9A 
040 |a SNK  |b slo  |c SNK  |e AACR2 
041 0 |a slo 
043 |a e-xo--- 
044 |a xo  |c SK 
072 7 |a 913  |x Regionálna geografia  |2 konspekt 
072 7 |a 72  |x Architektúra  |2 konspekt 
080 |a 913(437.6)  |2 2011 
080 |a 721  |2 2011 
080 |a (084.121)  |2 2011 
080 |a 726:27-523.42  |2 2011 
245 0 0 |a Sp. Nová Ves - starý dvor  |h grafika 
246 3 3 |a Spišská Nová Ves - starý dvor 
260 |a [Liptovský Mikuláš]  |b Lumen  |c [1938?] 
300 |a 1 pohľadnica  |b čiernobiela  |c 14 x 9 cm 
500 |a Názvové údaje prevzaté z obrazovej časti pohľadnice 
500 |a Číslo záberu 1286 
520 8 |a Zobrazenie: V bielom orámovaní pohľad na dvor domu, na ktorom stojí človek, v pozadí vo vchode stoja dvaja ľudia a nad strechou domu je vidieť veža katolíckeho kostola 
650 0 7 |a kostoly  |2 SNKPH  |9 3023 
650 0 7 |a budovy  |2 SNKPH  |9 1283 
651 7 |a Spišská Nová Ves (Slovensko)  |2 SNKPHgeo  |9 28800 
655 7 |a miestne pohľadnice  |2 SNKPH  |9 70510 
852 |a Slovenská národná knižnica 
958 |a EUIPO 
958 |a GBN 
958 |a GC 
958 |a OND 
999 |c 1028366  |d 1030296 
952 |a SNK  |b SNK  |y PREZ  |7 0  |p 17A1243817  |o snkSP 113508  |z Pohľadnica prešla poštou. ; Pohľadnica má zúbkované okraje.  |0 0  |1 0  |4 0  |d 2018-08-06  |f 1  |l 0  |r 2026-02-24 13:46:02  |w 2026-02-24